[Event "Women's Speed Chess Q5"]
[Site "chess.com INT"]
[Date "2020.06.22"]
[Round "9"]
[White "Divya, Deshmukh"]
[Black "Bodnaruk, Anastasia"]
[Result "0-1"]
[WhiteTitle "WIM"]
[BlackTitle "IM"]
[WhiteElo "2305"]
[BlackElo "2411"]
[WhiteFideId "35006916"]
[BlackFideId "4181751"]
[EventDate "2020.06.22"]

1. e4 c5 2. Nf3 d6 3. d4 cxd4 4. Nxd4 Nf6 5. Nc3 a6 6. Bg5 Nbd7 7. f4 Qc7 8. Qd3
e6 9. O-O-O b5 10. a3 Bb7 11. Qe3 Be7 12. Bxf6 Nxf6 13. Be2 O-O 14. g4 d5 15.
exd5 Nxd5 16. Nxd5 Bxd5 17. Bf3 Bd6 18. Ne2 Rac8 19. Rd2 b4 20. Bxd5 exd5 21. a4
Rfe8 22. Qf3 Re4 23. f5 Rc4 24. Qb3 Be5 25. Kb1 d4 26. Nc1 Bf4 27. Re2 Be3 28.
Nd3 a5 29. h4 Rb8 30. Rhe1 Rc8 31. g5 Kf8 32. f6 gxf6 33. gxf6 Qd6 34. Rg2 Qxf6
35. Rh1 h5 36. Re2 Qe6 37. Ka2 R4c6 38. Qxe6 Rxe6 39. Kb3 Rf6 40. Rg2 Rf3 41.
Re1 Rh3 42. Ka2 Rxh4 43. Rg3 Rg4 44. Rh3 h4 45. Re2 Re4 46. Reh2 Bg5 47. Kb3 Re3
48. Rxe3 dxe3 49. Ne5 f6 50. Nf3 Kf7 51. Re2 Kg6 52. c3 Kf5 53. cxb4 axb4 54.
Kxb4 Ke4 55. Ne1 f5 56. a5 f4 57. a6 f3 58. Nxf3 Kxf3 59. Re1 e2 60. Kb5 Be3 61.
b4 Kf2 62. Rxe2+ Kxe2 63. Ka5 h3 64. b5 h2 65. b6 h1=Q 66. a7 Qd5+ 67. Ka6 Rd8
68. b7 Qc6+ 0-1

[Event "Women's Speed Chess Q5"]
[Site "chess.com INT"]
[Date "2020.06.22"]
[Round "9"]
[White "Vijayalakshmi, Subbaraman"]
[Black "Enkhtuul, Altan-Ulzii"]
[Result "1-0"]
[WhiteTitle "IM"]
[BlackTitle "WGM"]
[WhiteElo "2332"]
[BlackElo "2228"]
[WhiteFideId "5004098"]
[BlackFideId "4901444"]
[EventDate "2020.06.22"]

1. Nf3 g6 2. g3 Bg7 3. Bg2 d5 4. O-O c6 5. d4 Nd7 6. c4 dxc4 7. a4 Ngf6 8. Na3
c3 9. bxc3 O-O 10. Nc4 Nd5 11. Bb2 N7f6 12. Re1 Ne4 13. Qc2 Bf5 14. g4 Nd6 15.
gxf5 Nxc4 16. Bc1 Qa5 17. Nd2 Nd6 18. fxg6 fxg6 19. e4 Nf4 20. e5 Nxg2 21. Kxg2
Qd5+ 22. Kg1 Nf5 23. Qb3 e6 24. Qxd5 cxd5 25. Rb1 b6 26. Nf1 Rac8 27. Bd2 Nh4
28. Rec1 Nf3+ 29. Kg2 Nxd2 30. Nxd2 Bh6 31. Rb2 Rf7 32. Rbc2 Rfc7 33. a5 b5 34.
Rb1 a6 35. Nb3 Bf8 36. Rbc1 Ba3 37. Ra1 Be7 38. Rac1 Kf7 39. Kf1 b4 40. Ke2 bxc3
41. Kd3 Bb4 42. Ra1 Rc4 43. Ra4 Ke7 44. Nc1 Kd7 45. Na2 Rb8 46. Rc1 Be7 47. Rxc4
dxc4+ 48. Kxc3 Rb3+ 49. Kxc4 Rb2 50. Nc3 Rxf2 51. Ne4 Re2 52. Kd3 Rxh2 53. Rb1
Rh3+ 54. Kc4 Re3 55. Nc3 Bd8 56. Rb7+ Kc6 57. Ra7 Bxa5 58. Rxa6+ Bb6 59. Na4 Kb7
60. Rxb6+ Kc7 61. Rxe6 Rg3 62. Re7+ Kd8 63. Rxh7 g5 64. Kd5 g4 65. Kd6 Ke8 66.
e6 Rh3 67. Rg7 Kf8 68. Rxg4 Rh6 69. d5 Rh7 70. Nc5 Ra7 71. Nd7+ Ke8 72. Rg8# 1-0

[Event "Women's Speed Chess Q5"]
[Site "chess.com INT"]
[Date "2020.06.22"]
[Round "9"]
[White "Janzelj, Lara"]
[Black "Berend, Elvira"]
[Result "0-1"]
[WhiteTitle "WIM"]
[BlackTitle "WGM"]
[WhiteElo "2210"]
[BlackElo "2326"]
[WhiteFideId "14608391"]
[BlackFideId "4000510"]
[EventDate "2020.06.22"]

1. c4 Nf6 2. Nc3 g6 3. d4 Bg7 4. e4 d6 5. Be2 O-O 6. Nf3 Bg4 7. h3 Bxf3 8. Bxf3
e5 9. Be3 Nc6 10. d5 Nd4 11. O-O c5 12. dxc6 bxc6 13. Bxd4 exd4 14. Qxd4 Nd5 15.
Qd2 Nxc3 16. bxc3 Qf6 17. Rfd1 Rad8 18. Rac1 Qe5 19. Qe3 Qa5 20. Rd2 Rfe8 21.
Rcd1 Be5 22. c5 d5 23. Rd3 Rb8 24. g3 dxe4 25. Bxe4 Bg7 26. Qf3 Qxc5 27. Bxc6
Rf8 28. Bd5 Rb2 29. Bb3 a5 30. Rd8 Qf5 31. Qxf5 gxf5 32. R1d7 Rxd8 33. Rxd8+ Bf8
34. Rb8 Kg7 35. Rb7 Bc5 36. Rxf7+ Kg6 37. Rc7 Bxf2+ 38. Kf1 Bxg3 39. Rc6+ Kg5
40. Rc5 Rf2+ 41. Kg1 a4 42. Be6 Rf4 43. Kg2 Be1 44. c4 a3 45. Rb5 Rf2+ 46. Kg1
Rf3 47. c5 Kf6 48. Bb3 Rc3 49. Rb6+ Kg5 50. Kf1 Bg3 51. c6 f4 52. Ba4 f3 53.
Rb5+ Kh4 54. Rb1 Kxh3 55. Rd1 h5 56. Bb5 h4 57. Ba4 Kg4 58. Kg1 h3 59. Kh1 h2
60. c7 Rxc7 61. Bd7+ Kf4 62. Rd4+ Ke3 63. Rd1 f2 64. Bb5 Rc5 65. Bf1 Rc2 66. Kg2
Rxa2 67. Rd3+ Ke4 68. Rxg3 Ra1 69. Rg4+ Kf5 70. Rh4 a2 71. Rh5+ Kg6 72. Ra5 Rxf1
73. Kxf1 h1=Q+ 74. Kxf2 Qh2+ 75. Kf3 Qh3+ 76. Kf2 Qh4+ 77. Kg2 Qg4+ 78. Kh2 Qf4+
79. Kh1 Qf3+ 80. Kh2 Qe2+ 81. Kh3 Qe3+ 82. Kh2 0-1

[Event "Women's Speed Chess Q5"]
[Site "chess.com INT"]
[Date "2020.06.22"]
[Round "9"]
[White "Sviridova, Vlada"]
[Black "Swati, Mohota"]
[Result "1-0"]
[WhiteTitle "WFM"]
[BlackTitle "WFM"]
[WhiteElo "2144"]
[BlackElo "2027"]
[WhiteFideId "24109606"]
[BlackFideId "5006511"]
[EventDate "2020.06.22"]

1. d4 d5 2. c4 c6 3. Nf3 Nf6 4. Nc3 e6 5. e3 Nbd7 6. Qc2 Bd6 7. Bd3 O-O 8. O-O
dxc4 9. Bxc4 b6 10. Rd1 Bb7 11. e4 Be7 12. e5 Nd5 13. Nxd5 cxd5 14. Bd3 g6 15.
Bh6 Re8 16. Qd2 Rc8 17. Qf4 Bf8 18. Bg5 Qc7 19. h4 Bg7 20. Bh6 Nf8 21. Bxg7 Kxg7
22. h5 Qe7 23. g3 h6 24. hxg6 fxg6 25. Kg2 Qf7 26. Qe3 Nd7 27. Rh1 Rh8 28. Rh2
a6 29. Rah1 h5 30. Ng5 Qe7 31. Nf3 b5 32. a3 Nb6 33. Re1 Nc4 34. Qf4 Rcf8 35.
Qg5 Qxg5 36. Nxg5 Nxb2 37. Nxe6+ Kf7 38. Nxf8 Nxd3 39. Rd1 Rxf8 40. Rxd3 Ke6 41.
Rc3 Kd7 42. Rc5 Rf5 43. Rh1 Rf8 44. Rhc1 Rc8 45. e6+ Kd8 46. e7+ Kd7 47. Rxc8
Bxc8 48. Rxc8 Kxe7 49. Rc6 a5 50. Rb6 b4 51. axb4 a4 52. Ra6 Kd7 53. b5 Kc7 54.
Kf3 a3 55. Kf4 a2 56. Ke5 a1=Q 57. Rxa1 Kb6 58. Kxd5 Kxb5 59. Rb1+ Ka4 60. Kc4
Ka3 61. Rb6 Ka2 62. Kc3 g5 63. Kc2 Ka3 64. Kc3 Ka4 65. Kc4 Ka5 66. Rb1 g4 67. d5
h4 68. gxh4 Ka4 69. Ra1# 1-0

[Event "Women's Speed Chess Q5"]
[Site "chess.com INT"]
[Date "2020.06.22"]
[Round "9"]
[White "Goltseva, Ekaterina"]
[Black "Diakonova, Ekaterina"]
[Result "1-0"]
[WhiteTitle "FM"]
[WhiteElo "2306"]
[BlackElo "2209"]
[WhiteFideId "24173770"]
[BlackFideId "24172936"]
[EventDate "2020.06.22"]

1. d4 d5 2. c4 c6 3. Nf3 Nf6 4. g3 dxc4 5. Bg2 g6 6. O-O Bg7 7. Ne5 O-O 8. Nxc4
Be6 9. b3 Bd5 10. f3 c5 11. Bb2 Nfd7 12. e4 Bxc4 13. bxc4 Nc6 14. e5 cxd4 15. f4
Qb6 16. Qb3 Qxb3 17. axb3 Nc5 18. Nd2 Nd3 19. Ba3 Ncb4 20. Bxb7 Rab8 21. Be4 a5
22. Bxb4 Nxb4 23. Rxa5 g5 24. Ra7 e6 25. Rd1 f5 26. Bg2 Bh6 27. Rf1 gxf4 28.
gxf4 Nd3 29. Re7 Bxf4 30. Nf3 Be3+ 31. Kh1 Nf2+ 32. Kg1 Ne4+ 33. Kh1 Nc5 34. Rd1
Nxb3 35. Rxe6 Rbe8 36. Rxe8 Rxe8 37. h4 Rc8 38. Ng5 h6 39. Bd5+ Kf8 40. Ne6+ Ke7
41. Kg2 Nd2 42. Nxd4 Bxd4 43. Rxd2 Bxe5 44. Re2 Kf6 45. Kf3 Bd4 46. Rd2 Be5 47.
Re2 Rd8 48. Re1 Rc8 49. Rg1 Rb8 50. h5 Rb3+ 51. Ke2 Rh3 52. Rg6+ Ke7 53. Re6+
Kd7 54. Rxe5 Rxh5 55. Kf3 Rh3+ 56. Kf4 Kd6 57. Rxf5 Rh4+ 58. Kg3 Rd4 59. Rf6+
Kc5 60. Rxh6 Rd3+ 61. Kf4 Rd1 62. Rh3 Re1 63. Re3 Rf1+ 64. Ke5 Rf8 65. Re4 Re8+
66. Kf5 Rf8+ 67. Kg6 Rf1 68. Re6 Rd1 69. Rc6+ Kb4 70. Kf6 Re1 71. Be6 Rd1 72.
Ke7 Rd2 73. Rc8 Rc2 74. Kd6 Rd2+ 75. Bd5 Rc2 76. c5 Kb5 77. c6 Kb6 78. Rb8+ Ka7
79. Rb4 Rc1 80. c7 Ka6 81. Be6 Rd1+ 82. Ke7 Rc1 83. c8=Q+ 1-0

[Event "Women's Speed Chess Q5"]
[Site "chess.com INT"]
[Date "2020.06.22"]
[Round "9"]
[White "Zhuravleva, Olga"]
[Black "Meenakshi, Subbaraman"]
[Result "1-0"]
[WhiteTitle "WIM"]
[BlackTitle "WGM"]
[WhiteElo "2278"]
[BlackElo "2171"]
[WhiteFideId "4145933"]
[BlackFideId "5004381"]
[EventDate "2020.06.22"]

1. e4 d6 2. d4 e5 3. Nf3 Nd7 4. c3 Ngf6 5. Nbd2 Be7 6. Bd3 O-O 7. O-O c6 8. Re1
Qc7 9. Nf1 Re8 10. Ng3 Bf8 11. h3 b6 12. a4 Bb7 13. Bc2 Rad8 14. Bg5 h6 15. Bd2
d5 16. exd5 exd4 17. Rxe8 Rxe8 18. Nxd4 Nxd5 19. Ndf5 c5 20. Qg4 Kh8 21. Qh4 Qc6
22. Be4 Qf6 23. Qxf6 N7xf6 24. Bf3 Bc8 25. Rd1 Be6 26. c4 Nb4 27. b3 Kh7 28. Bc3
Nd7 29. Nd6 Bxd6 30. Rxd6 g6 31. Ne4 Bf5 32. Rxd7 Bxd7 33. Nf6+ Kg7 34. Nxd7+ f6
35. Nxf6 Rd8 36. Nd5+ Kf7 37. Nxb4 cxb4 38. Bxb4 Rd3 39. Bd5+ Kf6 40. Bf8 Rxb3
41. Bxh6 Rb4 42. Bd2 Rxa4 43. Bc3+ Ke7 44. g4 Ra2 45. Kg2 Rc2 46. Bb4+ Kf6 47.
Bd6 a5 48. Kg3 a4 49. f4 Rc3+ 50. Kh4 Rc2 51. Be5+ Ke7 52. Kg5 a3 53. Bf6+ Kd6
54. Be5+ Kc5 55. Kxg6 a2 56. f5 Kb4 57. f6 Rc3 58. Bxc3+ Kxc3 59. f7 a1=Q 60.
f8=Q Qb1+ 61. Qf5 Qg1 62. Qe5+ Kb4 63. Qd6+ Ka4 64. Qc6+ Kb3 65. Qb5+ Kc3 66.
Qe8 Qg3 67. Qh8+ Kc2 68. Qh5 Qd6+ 69. Kf7 Qd7+ 70. Kf6 Qd6+ 71. Kf5 Qd7+ 72. Ke4
Qe7+ 73. Qe5 Qh4 74. Kd4 Qf2+ 75. Qe3 Qf6+ 76. Ke4 Qg6+ 77. Kf3 Qf6+ 78. Kg2 Qh4
79. Be4+ Kb2 80. Qf2+ Kb3 81. Qxh4 Kb4 82. Qf2 b5 83. cxb5 Kxb5 84. Qc2 Kb6 85.
Qc6+ Ka5 86. Qb7 Ka4 87. Kf3 Ka3 88. Ke3 Ka2 89. Kd3 1-0

[Event "Women's Speed Chess Q5"]
[Site "chess.com INT"]
[Date "2020.06.22"]
[Round "9"]
[White "Klinova, Masha"]
[Black "Tarini, Goyal"]
[Result "0-1"]
[WhiteTitle "IM"]
[BlackTitle "WFM"]
[WhiteElo "2275"]
[BlackElo "2164"]
[WhiteFideId "2802015"]
[BlackFideId "5082749"]
[EventDate "2020.06.22"]

1. e4 c6 2. d4 d5 3. Nc3 dxe4 4. Nxe4 Bf5 5. Ng3 Bg6 6. h4 h6 7. Nf3 e6 8. h5
Bh7 9. Bd3 Bxd3 10. Qxd3 Nf6 11. Bd2 Be7 12. O-O-O c5 13. Bc3 cxd4 14. Qb5+ Qd7
15. Nxd4 Nd5 16. Qb3 Bf6 17. Nde2 Qc7 18. Rxd5 exd5 19. Bxf6 gxf6 20. Qxd5 Nd7
21. Nf5 O-O-O 22. Nd6+ Kb8 23. Nxf7 Rc8 24. Nc3 Rh7 25. Nd6 Rd8 26. Qf5 Nb6 27.
Ndb5 Qe7 28. a3 Rg7 29. Qf4+ Qe5 30. Qxe5+ fxe5 31. a4 Rxg2 32. Ne4 a6 33. Nbc3
Nc4 34. b3 Nd6 35. Re1 Nxe4 36. Nxe4 Kc7 37. Re3 Rf8 38. Kb2 Rf5 39. Kc3 Rxh5
40. Nf6 Rh1 41. Nd5+ Kd6 42. Nf6 Ke6 43. Ne8 h5 44. Nc7+ Kd6 45. Ne8+ Ke6 46.
Nc7+ Kd7 47. Nd5 h4 48. Rxe5 h3 49. Rh5 h2 50. Ne3 Rxf2 51. Rh7+ Kc6 52. Ng4
Rf3+ 53. Kb2 Rg3 54. Nxh2 Rg2 55. Rh6+ Kc7 56. Rh7+ Kb8 57. Rh8+ Ka7 58. Rd8
Rhxh2 59. Rc8 Rf2 60. Rc4 Rhg2 61. Rc3 Kb6 62. Rc4 Ka7 63. Rc3 Re2 64. a5 Re4
65. Ka3 Re5 66. b4 Rge2 67. Kb2 R2e3 68. Rc8 R3e4 69. c3 Re2+ 70. Kb3 R2e3 71.
Rc7 Re7 72. Rc8 Rd7 73. Rc5 Rdd3 74. Rc4 Rh3 75. Rc5 Rd1 76. Rc8 Rc1 77. Rc7 Rh4
78. Rc5 Rb1+ 79. Kc2 Ra1 80. Kb3 Rhh1 81. Rc8 Rh4 82. Rc5 Rd1 83. Rc8 Rd5 84.
Rc5 Rd1 85. Rc8 Rd5 86. Rc7 Rdh5 87. Rc8 Rh7 88. Rc5 R4h5 89. Rc8 R5h6 90. Rc4
Rc6 91. Rd4 Rh3 92. Rf4 Rhxc3+ 93. Kb2 R3c4 94. Rf5 Rxb4+ 95. Ka3 Rb5 96. Rf8
Rxa5+ 97. Kb4 Rb5+ 98. Ka4 Rc1 99. Rf4 Ra1# 0-1

[Event "Women's Speed Chess Q5"]
[Site "chess.com INT"]
[Date "2020.06.22"]
[Round "9"]
[White "Shuvalova, Polina"]
[Black "Tokhirjonova, Gulrukhbegim"]
[Result "1-0"]
[WhiteTitle "WGM"]
[BlackTitle "WGM"]
[WhiteElo "2454"]
[BlackElo "2378"]
[WhiteFideId "24171760"]
[BlackFideId "14203626"]
[EventDate "2020.06.22"]

1. e4 e5 2. Nf3 Nc6 3. Bb5 a6 4. Ba4 Nf6 5. O-O Be7 6. Re1 b5 7. Bb3 d6 8. c3
O-O 9. h3 Nb8 10. d4 Nbd7 11. Nbd2 c5 12. a4 Rb8 13. axb5 axb5 14. d5 c4 15. Bc2
Nc5 16. b4 cxb3 17. Nxb3 Nfd7 18. Na5 Bb7 19. Be3 Qc7 20. Qe2 Ba8 21. Reb1 f5
22. Nc6 Bxc6 23. dxc6 fxe4 24. cxd7 exf3 25. Qd2 Nxd7 26. Ra7 Qd8 27. Qd5+ Kh8
28. Qe6 Nf6 29. Qxe7 Qxe7 30. Rxe7 Nd5 31. Rd7 Nxc3 32. Rb3 Ne2+ 33. Kh2 fxg2
34. Kxg2 Rbd8 35. Rxd8 Rxd8 36. Rxb5 d5 37. Bd3 Nc3 38. Rb7 e4 39. Bd4 exd3 40.
Bxg7+ Kg8 41. Bxc3 d4 42. Bd2 Rc8 43. Rb2 Kf7 44. Kf3 Ke6 45. Ke4 Rf8 46. f4 Rg8
47. Rb6+ Kf7 48. Rb7+ Kf6 49. Rxh7 Rg3 50. h4 Rh3 51. h5 Ke6 52. Rh6+ Kf7 53.
Kxd4 Kg7 54. Rg6+ Kf7 55. Rg5 Kf6 56. Ke4 Kf7 57. Ra5 Kf6 58. Rd5 Kf7 59. Rd7+
Ke6 60. Rxd3 Rxh5 61. Ra3 Rh2 62. Be3 Re2 63. Ra6+ Kf7 64. f5 Re1 65. Kf4 Rf1+
66. Ke5 Re1 67. Ke4 Re2 68. Kf3 Re1 69. Bf4 Rf1+ 70. Kg4 Rg1+ 71. Bg3 Rg2 72.
Ra7+ Kf6 73. Kf4 Rf2+ 74. Kg4 Rg2 75. Kf3 Rg1 76. Ra5 Rf1+ 77. Kg2 Rxf5 78. Ra6+
Kg5 79. Ra4 Kg6 80. Kh3 Rh5+ 81. Kg4 Rg5+ 82. Kh4 Rh5+ 83. Kg4 Rg5+ 84. Kf3 Rf5+
85. Bf4 Rb5 86. Ra6+ Kf5 87. Ra3 Rc5 88. Be3 Rb5 89. Rc3 Re5 90. Rc8 Rd5 91.
Rf8+ Ke5 92. Bf4+ Ke6 93. Ke4 Ra5 94. Be3 Ra4+ 95. Bd4 Ra2 96. Rh8 Re2+ 97. Be3
Re1 98. Rh6+ Kd7 99. Kd4 Rd1+ 100. Ke5 Re1 101. Kf4 Rf1+ 102. Ke4 Re1 103. Kd4
Rd1+ 104. Kc4 Re1 105. Bd4 Rc1+ 106. Kd5 Rd1 107. Rh7+ Kc8 108. Kc5 Rc1+ 109.
Kb6 Rb1+ 110. Kc6 Kd8 111. Bc5 Ke8 112. Re7+ Kd8 113. Re2 Rc1 114. Rh2 Ke8 115.
Rf2 1-0

[Event "Women's Speed Chess Q5"]
[Site "chess.com INT"]
[Date "2020.06.22"]
[Round "10"]
[White "Priyanka, K"]
[Black "Zakirova, Aisha"]
[Result "1-0"]
[WhiteTitle "WIM"]
[BlackTitle "WCM"]
[WhiteElo "2218"]
[BlackElo "1585"]
[WhiteFideId "5082986"]
[BlackFideId "13719734"]
[EventDate "2020.06.22"]

1. e4 c5 2. Nf3 d6 3. d4 cxd4 4. Nxd4 Nf6 5. Nc3 Nc6 6. Be3 Ng4 7. Bc1 Qb6 8. f3
Nxd4 9. fxg4 Bxg4 10. Qxg4 Nxc2+ 11. Kd1 Nxa1 12. Bb5+ 1-0

[Event "Women's Speed Chess Q5"]
[Site "chess.com INT"]
[Date "2020.06.22"]
[Round "10"]
[White "Schut, Lisa"]
[Black "Eswaran, Ashritha"]
[Result "0-1"]
[WhiteTitle "WIM"]
[BlackTitle "WIM"]
[WhiteElo "2259"]
[BlackElo "2244"]
[WhiteFideId "1019481"]
[BlackFideId "2080788"]
[EventDate "2020.06.22"]

1. e4 c5 2. Nf3 a6 3. c4 e6 4. d4 cxd4 5. Nxd4 d6 6. Be2 Be7 7. O-O b6 8. Nc3
Bb7 9. Be3 Nf6 10. f3 Nbd7 11. Rc1 O-O 12. Qd2 Qc7 13. Rfd1 Rac8 14. Bf1 Rfe8
15. Qf2 Qb8 16. Nb3 Bd8 17. Nd4 Bc7 18. b4 d5 19. e5 Nxe5 20. cxd5 Nxd5 21. Nxd5
exd5 22. h3 Ng6 23. Nc6 Bxc6 24. Rxc6 Bh2+ 25. Kh1 Rxc6 26. Rxd5 Bg3 27. Qd2
Rce6 28. Bg1 Re1 29. Qd3 Nf4 0-1

[Event "Women's Speed Chess Q5"]
[Site "chess.com INT"]
[Date "2020.06.22"]
[Round "10"]
[White "Skuhala, Barbara"]
[Black "Diakonova, Ekaterina"]
[Result "0-1"]
[WhiteTitle "WFM"]
[WhiteElo "2095"]
[BlackElo "2209"]
[WhiteFideId "14605465"]
[BlackFideId "24172936"]
[EventDate "2020.06.22"]

1. e4 c6 2. d4 d5 3. f3 dxe4 4. fxe4 g6 5. Nf3 Bg7 6. Nc3 Nf6 7. Be2 Nbd7 8. Bg5
h6 9. Bf4 Nf8 10. Qd2 Ne6 11. Be3 Ng4 12. Bg1 h5 13. h3 Bh6 14. Qd3 Nf4 15. Qc4
Nxg2+ 0-1

[Event "Women's Speed Chess Q5"]
[Site "chess.com INT"]
[Date "2020.06.22"]
[Round "10"]
[White "Khomeriki, Nino"]
[Black "Shukhman, Anna"]
[Result "1-0"]
[WhiteTitle "WGM"]
[BlackTitle "WCM"]
[WhiteElo "2319"]
[BlackElo "1866"]
[WhiteFideId "13603191"]
[BlackFideId "54180058"]
[EventDate "2020.06.22"]

1. d4 Nf6 2. Nf3 g6 3. g3 Bg7 4. Bg2 O-O 5. O-O d6 6. c4 Nbd7 7. Nc3 e5 8. e4
exd4 9. Nxd4 Nc5 10. Re1 a5 11. b3 c6 12. Be3 Re8 13. f3 Qc7 14. Qd2 Bd7 15.
Rad1 Rad8 16. Bh6 Ne6 17. Nxe6 Bxe6 18. Bxg7 Kxg7 19. Qd4 d5 20. exd5 cxd5 21.
cxd5 Bf5 22. Rxe8 Rxe8 23. d6 Qc6 24. g4 Bd7 25. g5 1-0

[Event "Women's Speed Chess Q5"]
[Site "chess.com INT"]
[Date "2020.06.22"]
[Round "10"]
[White "Artemyeva, Olga"]
[Black "Kiseleva, Arina"]
[Result "1-0"]
[WhiteTitle "WFM"]
[BlackTitle "WCM"]
[WhiteElo "2069"]
[BlackElo "2024"]
[WhiteFideId "4138422"]
[BlackFideId "4164989"]
[EventDate "2020.06.22"]

1. b3 e5 2. Bb2 d6 3. g3 Nc6 4. Bg2 f5 5. c4 Nf6 6. e3 e4 7. Ne2 Be7 8. O-O O-O
9. d3 exd3 10. Qxd3 Ne5 11. Qc3 c6 12. Nd2 Qc7 13. Rac1 a5 14. c5 Nf7 15. cxd6
Nxd6 16. Nf4 a4 17. bxa4 Rxa4 18. Qb3+ 1-0

[Event "Women's Speed Chess Q5"]
[Site "chess.com INT"]
[Date "2020.06.22"]
[Round "10"]
[White "Yakimova, Mariya"]
[Black "Sapale, Saloni"]
[Result "1-0"]
[WhiteTitle "WFM"]
[BlackTitle "WIM"]
[WhiteElo "2269"]
[BlackElo "2147"]
[WhiteFideId "34188859"]
[BlackFideId "5085527"]
[EventDate "2020.06.22"]

1. d4 Nf6 2. c4 g6 3. Nf3 d5 4. g3 Bg7 5. cxd5 Nxd5 6. Bg2 O-O 7. O-O c5 8. e4
Nb6 9. d5 f5 10. exf5 Bxf5 11. Nc3 Na6 12. Ng5 Nc7 13. Re1 h6 14. Ne6 Nxe6 15.
dxe6 Qxd1 16. Nxd1 Rad8 17. Be3 Na4 18. Rc1 b6 19. b3 Nb2 20. Nxb2 Bxb2 21. Rcd1
Bc3 22. Rxd8 Rxd8 23. Rc1 Bd2 24. Rd1 1-0

[Event "Women's Speed Chess Q5"]
[Site "chess.com INT"]
[Date "2020.06.22"]
[Round "10"]
[White "Solozhenkina, Elizaveta"]
[Black "Khotenashvili, Bela"]
[Result "0-1"]
[WhiteTitle "WIM"]
[BlackTitle "GM"]
[WhiteElo "2301"]
[BlackElo "2458"]
[WhiteFideId "34106615"]
[BlackFideId "13602640"]
[EventDate "2020.06.22"]

1. e4 c6 2. d4 d5 3. e5 Bf5 4. Nf3 e6 5. Be2 Nd7 6. O-O h5 7. Nbd2 g5 8. Nb3 g4
9. Ne1 f6 10. Nd3 fxe5 11. Nxe5 Nxe5 12. dxe5 Bg7 13. Bf4 Ne7 14. Bd3 O-O 15.
Bg3 Ng6 16. Nd4 h4 17. Bxf5 exf5 18. Nxf5 Rxf5 19. Qxg4 Qg5 20. Qxg5 Rxg5 21. f4
Rf5 22. Bf2 Rxf4 0-1

[Event "Women's Speed Chess Q5"]
[Site "chess.com INT"]
[Date "2020.06.22"]
[Round "10"]
[White "Fominykh, Maria"]
[Black "Antolak, Julia"]
[Result "0-1"]
[WhiteTitle "WGM"]
[BlackTitle "WIM"]
[WhiteElo "2206"]
[BlackElo "2323"]
[WhiteFideId "4142411"]
[BlackFideId "1159569"]
[EventDate "2020.06.22"]

1. Nf3 g6 2. g3 Bg7 3. Bg2 Nf6 4. O-O O-O 5. d4 d6 6. c4 Nc6 7. Nc3 Bg4 8. h3
Bxf3 9. Bxf3 Nd7 10. e3 e5 11. d5 Ne7 12. Bg2 f5 13. f4 e4 14. Qc2 a5 15. Rb1
Nc5 16. b3 Nc8 17. Bb2 Nd3 18. Ba1 Nb6 19. Nb5 Bxa1 20. Rxa1 Nd7 21. a3 Qf6 22.
Nxc7 Rac8 23. Ne6 Rfe8 24. Nd4 Nb6 25. Qd2 a4 26. Qb4 Nxb4 27. axb4 axb3 28.
Rab1 Nxc4 0-1

[Event "Women's Speed Chess Q5"]
[Site "chess.com INT"]
[Date "2020.06.22"]
[Round "10"]
[White "Tereladze, Sopiko"]
[Black "Vijayalakshmi, Subbaraman"]
[Result "0-1"]
[WhiteTitle "WIM"]
[BlackTitle "IM"]
[WhiteElo "2141"]
[BlackElo "2332"]
[WhiteFideId "13600486"]
[BlackFideId "5004098"]
[EventDate "2020.06.22"]

1. d4 Nf6 2. Nf3 e6 3. Bf4 c5 4. c3 Nc6 5. e3 d5 6. Bd3 Bd6 7. Bxd6 Qxd6 8. O-O
b6 9. Nbd2 O-O 10. Re1 e5 11. dxe5 Nxe5 12. Nxe5 Qxe5 13. e4 d4 14. Nf3 Qf4 15.
cxd4 cxd4 16. Nxd4 Rd8 17. Ne2 Qh4 18. Ng3 Ba6 19. Re3 Ng4 20. Qf3 Qxh2+ 21. Kf1
Nxe3+ 0-1

[Event "Women's Speed Chess Q5"]
[Site "chess.com INT"]
[Date "2020.06.22"]
[Round "10"]
[White "Petrova, Irina"]
[Black "Nikulina, Alena"]
[Result "1-0"]
[WhiteTitle "WIM"]
[BlackTitle "WFM"]
[WhiteElo "2087"]
[BlackElo "1887"]
[WhiteFideId "14124122"]
[BlackFideId "4172051"]
[EventDate "2020.06.22"]

1. d4 Nf6 2. Bg5 e6 3. e4 h6 4. Bxf6 Qxf6 5. Nc3 b6 6. e5 Qe7 7. Qf3 Nc6 8.
O-O-O Bb7 9. Qe3 d5 10. exd6 cxd6 11. d5 Ne5 12. Bb5+ Nd7 13. Nf3 e5 14. Rhe1 a6
15. Qxb6 g5 16. Bxd7+ Qxd7 17. Nxe5 dxe5 18. Rxe5+ Be7 19. d6 O-O 20. dxe7 1-0

[Event "Women's Speed Chess Q5"]
[Site "chess.com INT"]
[Date "2020.06.22"]
[Round "10"]
[White "Abrahamyan, Tatev"]
[Black "Nikoladze, Sopio"]
[Result "1-0"]
[WhiteTitle "WGM"]
[BlackTitle "WIM"]
[WhiteElo "2358"]
[BlackElo "2132"]
[WhiteFideId "13301918"]
[BlackFideId "13600427"]
[EventDate "2020.06.22"]

1. e4 d6 2. d4 Nf6 3. Nc3 Nbd7 4. Nf3 e5 5. Bc4 Be7 6. a4 O-O 7. O-O c6 8. Re1
Qc7 9. h3 Re8 10. Nh4 Bf8 11. Nf5 Nb6 12. Bb3 Bxf5 13. exf5 exd4 14. Rxe8 Rxe8
15. Qxd4 Re1+ 16. Kh2 c5 17. Qd2 Qe7 18. a5 Nbd7 19. Ra4 Qe5+ 20. f4 Qe7 21. Nd5
Nxd5 22. Bxd5 Nf6 23. Bf3 d5 24. b3 d4 25. Ba3 Rf1 26. Rxd4 Qc7 27. Rd8 Ra1 28.
Bb2 Rxa5 29. Be5 Qe7 30. Qd6 Qxd6 31. Bxd6 h6 32. Rxf8+ Kh7 33. Rxf7 Ra2 34. Be5
Ne8 35. Rxb7 Rxc2 36. Bh5 1-0

[Event "Women's Speed Chess Q5"]
[Site "chess.com INT"]
[Date "2020.06.22"]
[Round "10"]
[White "Kiolbasa, Oliwia"]
[Black "Meenakshi, Subbaraman"]
[Result "1-0"]
[WhiteTitle "WIM"]
[BlackTitle "WGM"]
[WhiteElo "2160"]
[BlackElo "2171"]
[WhiteFideId "1154613"]
[BlackFideId "5004381"]
[EventDate "2020.06.22"]

1. e4 d6 2. d4 e5 3. Nc3 Nf6 4. Nf3 Nbd7 5. Bc4 Be7 6. O-O O-O 7. Re1 c6 8. a4
Qc7 9. Ba2 b6 10. h3 Bb7 11. Nh4 Rfe8 12. Nf5 Bf8 13. d5 Rad8 14. Qf3 cxd5 15.
Bxd5 Bxd5 16. exd5 g6 17. Nh6+ Bxh6 18. Bxh6 Nh5 19. g4 Ng7 20. Nb5 Qc5 21. c3
a6 22. b4 e4 23. Rxe4 Qc8 24. Nxd6 Qa8 25. Qxf7+ 1-0

[Event "Women's Speed Chess Q5"]
[Site "chess.com INT"]
[Date "2020.06.22"]
[Round "10"]
[White "Ziegenfuss, Antonia"]
[Black "Martynkova, Olena"]
[Result "1-0"]
[WhiteTitle "WFM"]
[BlackTitle "WIM"]
[WhiteElo "2101"]
[BlackElo "2222"]
[WhiteFideId "12962554"]
[BlackFideId "14134039"]
[EventDate "2020.06.22"]

1. d4 Nf6 2. c4 g6 3. Nc3 Bg7 4. e4 O-O 5. Be2 d6 6. Be3 e5 7. d5 a5 8. g4 Na6
9. g5 Nd7 10. h4 f5 11. gxf6 Nxf6 12. h5 Nc5 13. hxg6 hxg6 14. Bxc5 dxc5 15. Qd3
Ne8 16. Qg3 Qf6 17. Nf3 Nd6 18. O-O-O Qf4+ 19. Qxf4 exf4 20. e5 Nf5 21. Rdg1 Ne7
22. d6 cxd6 23. exd6 Nc6 24. Rxg6 Bf5 25. Rg5 Nd4 26. Nxd4 cxd4 27. Rhg1 Rf7 28.
Nd5 Kf8 29. Bh5 1-0